| 000 | 00536 a2200169 4500 | ||
|---|---|---|---|
| 020 | _a0321295358 | ||
| 020 | _a9780321295354 | ||
| 082 | _a005.1 | ||
| 090 |
_c1278 _d1278 |
||
| 100 | 1 | _aKleinberg, Jon. | |
| 245 | 1 | 0 |
_aAlgorithm design / _cJon Kleinberg, Eva Tardos. |
| 260 |
_a[S.l.] : _bAddison Wesley, _c2006. |
||
| 300 |
_a864 p. ; _c23 cm. |
||
| 700 | 1 | _aTardos, Eva. | |
| 942 |
_aSNS _cBK _k005.1 KLE |
||
| 999 |
_c29891 _d29891 |
||